000 00477nam a22001337a 4500
005 20241207161034.0
008 240916b ||||| |||| 00| 0 eng d
100 _aAmbrocio, Villarose A.
_eauthor.
_961082
245 _aIncome generating project /
_cVillarose A. Ambrocio.
260 _aPhilippines;
_bPublishers Association of the Philippines, Inc.,
_cJanuary 2018.
300 _aVolume 66, pages 290.
700 _aAmbrocio, Villarose A.
_eauthor.
_961082
942 _2ddc
_cPER
999 _c21644
_d21644